Observaciones biologicas de insectos bonaerenses /

Guardado en:
Autor Principal: Llano, Raul J.
Formato: Libro
Publicado: La Plata : Ministerio De Educacion De La Pcia. De Buenos Aires, 1959
Materias:
Etiquetas: Agregar Etiqueta
Sin Etiquetas, Sea el primero en etiquetar este registro!
LEADER 00503nam a22001575a 4500
001 EHU.bham005612
003 AR-BHAM
005 20081023104403.0
008 130507s1959##################000#0#####d
082 5 9 |a 595.7 
100 1 |a Llano, Raul J. 
245 1 0 |a Observaciones biologicas de insectos bonaerenses /  |c Raul J. Llano. 
260 |a La Plata :  |b Ministerio De Educacion De La Pcia. De Buenos Aires,  |c 1959 
300 |a 136 p. 
653 |a Insectos 
859 |a AR-BHAM  |b BIB. HUMANIDADES - General  |h 595.7  |i L77  |p 93.61  |t Ej.1